Statistiken für Die 16 Erfolgreichsten Spieleserien

Klicken Sie hier um das Quiz zu spielen!

Allgemein

  • Dieses Quiz wurde 562 mal gespielt
    (116 seit der letzten Aktualisierung)
  • Das Durchschnittsergebnis liegt bei 8 aus 15

Antwortstatistiken

PlatzSpieleserieverkaufte EinheitenErschaffungHauptteile% Korrekt
5Super Marioüber 402 Millionen198516
92%
4Grand Theft Autoüber 405 Millionen19975
83%
3Call of Dutyüber 425 Millionen200320
77%
6FIFA (EA FC)über 325 Millionen199332
71%
7Minecraftüber 238 Millionen20091
64%
2Pokemonüber 480 Millionen199636
64%
1Tetrisüber 495 Millionen198965
58%
13The Legend of Zeldaüber 149 Millionen198620
57%
11Mario Kartüber 176 Millionen19929
47%
8Assassin's Creedüber 200 Millionen200713
33%
12Need for Speedüber 150 Millionen199427
31%
10Final Fantasyüber 180 Millionen199016
29%
9Die Simsüber 200 Millionen20004
27%
14Resident Evilüber 146 Millionen199610
20%
15NBA 2Küber 135 Millionen200024
13%

Verteilung der Resultate

Perzentil nach korrekt beantworteten Fragen

Anzahl Personen mit jedem Resultat

Ihre Resultats-Entwicklung

Sie haben dieses Quiz seit der letzten Aktualisierung nicht gespielt